Personnages de Pretty Little Liars par images - Statistiques

Statistiques générales
  • Ce quiz a été pris 3 441 fois
  • Le résultat moyen est 13 sur 16
Statistiques - réponses
Par images Réponse % Correct
Hanna Marin
99%
Spencer Hastings
99%
Aria Montgomery
98%
Emily Fields
98%
Alison DiLaurentis
97%
Ezra Fitz
94%
Mona Vanderwaal
92%
Toby Cavanaugh
91%
Caleb Rivers
90%
Maya Saint Germain
80%
Ashley Marin
65%
Ella Montgomery
63%
Pam Fields
55%
Veronica Hastings
49%
Byron Montgomery
48%
Jessica DiLaurentis
47%
Aucun quiz correspondant
Distribution des résultats
% des personnes avec chaque résultat
Percentile par nombre de réponses
Votre historique - résultats
Vous n’avez pas pris ce quiz